Documento de trabajo/
Saved in:
| Corporate Author: | |
|---|---|
| Format: | Book |
| Language: | Spanish |
| Published: |
Chile:
Comisión Sudamericana de Paz; Instituto Latinoamericano de Estudios Transnacionales
|
| Subjects: | |
| Tags: |
Add Tag
No Tags, Be the first to tag this record!
|
MARC
| LEADER | 00000nam a22000007a 4500 | ||
|---|---|---|---|
| 003 | cru CIDCACS/IIS | ||
| 005 | 20200422100255.0 | ||
| 007 | ta | ||
| 008 | 200422n cl |||p|r||||||0| ||spa|d | ||
| 999 | |c 43087 |d 43087 | ||
| 040 | |c cru CIDCACS/IIS | ||
| 090 | |a REV0374 | ||
| 110 | 2 | |9 9242 |a Comisión Sudamericana de Paz | |
| 245 | 1 | |a Documento de trabajo/ |c Comisión Sudamericana de Paz, Instituto Latinoamericano de Estudios Transnacionales | |
| 260 | |a Chile: |b Comisión Sudamericana de Paz; |b Instituto Latinoamericano de Estudios Transnacionales | ||
| 270 | |b Collao 3461, Santiago, casilla 16637, correo 9 | ||
| 500 | |a EXISTENCIAS :1988 (Seminario Seguridad Democrática Regional (10 ponencias) 1989 (Seminario Los nuevos desafíos a la soberanía... (10 ponencias) | ||
| 650 | 4 | |9 2646 |a RELACIONES INTERNACIONALES | |
| 650 | 0 | |9 7485 |a OEA | |
| 650 | 0 | |9 382 |a POLITICA INTERNACIONAL | |
| 650 | 0 | |9 1642 |a PAISES EN DESARROLLO | |
| 650 | 0 | |9 304 |a COMERCIO EXTERIOR | |
| 650 | 4 | |9 3253 |a POLITICA GUBERNAMENTAL | |
| 942 | |2 ddc |c PP |s 1 | ||
